La mortalité par suicide dans les Outre-mer, un état des lieux et un projet : Autopsom (notice n° 1615065)

détails MARC
000 -LEADER
fixed length control field 04825cam a2200757 4500500
005 - DATE AND TIME OF LATEST TRANSACTION
control field 20260111072916.0
041 ## - LANGUAGE CODE
Language code of text/sound track or separate title fre
042 ## - AUTHENTICATION CODE
Authentication code dc
100 10 - MAIN ENTRY--PERSONAL NAME
Personal name Rereao, Maya
Relator term author
245 00 - TITLE STATEMENT
Title La mortalité par suicide dans les Outre-mer, un état des lieux et un projet : Autopsom
260 ## - PUBLICATION, DISTRIBUTION, ETC.
Date of publication, distribution, etc. 2022.<br/>
500 ## - GENERAL NOTE
General note 30
520 ## - SUMMARY, ETC.
Summary, etc. Les départements et régions d’Outre-mer-collectivités d’Outre-mer (DROM-COM) ont des taux de suicide inférieurs à ceux de la France hexagonale mais leurs estimations sont sous-évaluées et hétérogènes suivant les territoires. Cela peut être expliqué par un système de recueil de données incomplet, par une sous-déclaration des suicides ou encore pour des raisons culturelles. Les quelques enquêtes épidémiologiques faites dans les DROM-COM se sont surtout intéressées aux tentatives de suicides et aux idées suicidaires. Il est important de recueillir des informations plus complètes sur les suicides en Outre-mer et leurs facteurs de risque éventuellement propres à ces territoires afin d’adapter des stratégies de préventions ciblées par une étude qui prend aussi un point de comparaison d’un territoire de l’Hexagone.
520 ## - SUMMARY, ETC.
Summary, etc. The DROM-COM (overseas departments and regions, and overseas collectivities) have lower suicide rates than mainland France. However, these rates are underestimated and show heterogeneity depending on the territories. This can be explained, among other things, by an incomplete data collection system, an under-declaration of suicides, or even cultural reasons. The few epidemiological surveys that have been carried out in the DROM-COM concerned suicide attempts and suicidal thoughts. It is important to collect more information on suicides in Overseas France and any risk factors specific to these territories in order to adapt targeted prevention strategies.
520 ## - SUMMARY, ETC.
Summary, etc. Los Departamentos y Regiones de Ultramar - Colectividades de Ultramar (DROM-COM) presentan tasas de suicidio inferiores a las de la Francia continental, pero sus estimaciones son subestimadas y heterogéneas según los territorios. Esto puede explicarse por un sistema de recogida de datos incompleto, por una infra-declaración de los suicidios o incluso por razones culturales. Las pocas encuestas epidemiológicas realizadas en los DROM-COM se han centrado principalmente en los intentos de suicidio y en la ideación suicida. Es importante reunir una información más completa sobre los suicidios en los territorios de ultramar y sus factores de riesgo, que pueden ser específicos de estos territorios, para adaptar estrategias de prevención específicas mediante un estudio que también tenga un punto de comparación con un territorio de Francia.
690 ## - LOCAL SUBJECT ADDED ENTRY--TOPICAL TERM (OCLC, RLIN)
Topical term or geographic name as entry element anthropologie
690 ## - LOCAL SUBJECT ADDED ENTRY--TOPICAL TERM (OCLC, RLIN)
Topical term or geographic name as entry element autopsie psychologique
690 ## - LOCAL SUBJECT ADDED ENTRY--TOPICAL TERM (OCLC, RLIN)
Topical term or geographic name as entry element épidémiologie
690 ## - LOCAL SUBJECT ADDED ENTRY--TOPICAL TERM (OCLC, RLIN)
Topical term or geographic name as entry element facteurs de risque
690 ## - LOCAL SUBJECT ADDED ENTRY--TOPICAL TERM (OCLC, RLIN)
Topical term or geographic name as entry element Outre-mer
690 ## - LOCAL SUBJECT ADDED ENTRY--TOPICAL TERM (OCLC, RLIN)
Topical term or geographic name as entry element recueil de données
690 ## - LOCAL SUBJECT ADDED ENTRY--TOPICAL TERM (OCLC, RLIN)
Topical term or geographic name as entry element suicide
690 ## - LOCAL SUBJECT ADDED ENTRY--TOPICAL TERM (OCLC, RLIN)
Topical term or geographic name as entry element anthropology
690 ## - LOCAL SUBJECT ADDED ENTRY--TOPICAL TERM (OCLC, RLIN)
Topical term or geographic name as entry element data collection
690 ## - LOCAL SUBJECT ADDED ENTRY--TOPICAL TERM (OCLC, RLIN)
Topical term or geographic name as entry element epidemiology
690 ## - LOCAL SUBJECT ADDED ENTRY--TOPICAL TERM (OCLC, RLIN)
Topical term or geographic name as entry element Overseas France
690 ## - LOCAL SUBJECT ADDED ENTRY--TOPICAL TERM (OCLC, RLIN)
Topical term or geographic name as entry element psychological autopsy
690 ## - LOCAL SUBJECT ADDED ENTRY--TOPICAL TERM (OCLC, RLIN)
Topical term or geographic name as entry element risk factors
690 ## - LOCAL SUBJECT ADDED ENTRY--TOPICAL TERM (OCLC, RLIN)
Topical term or geographic name as entry element suicide
700 10 - ADDED ENTRY--PERSONAL NAME
Personal name Amadéo, Stéphane
Relator term author
700 10 - ADDED ENTRY--PERSONAL NAME
Personal name Annette, Aurélie
Relator term author
700 10 - ADDED ENTRY--PERSONAL NAME
Personal name Armanville, Françoise
Relator term author
700 10 - ADDED ENTRY--PERSONAL NAME
Personal name Atwan, Noor-Alisson
Relator term author
700 10 - ADDED ENTRY--PERSONAL NAME
Personal name Brilland, Sophie
Relator term author
700 10 - ADDED ENTRY--PERSONAL NAME
Personal name Corruble, Emmanuelle
Relator term author
700 10 - ADDED ENTRY--PERSONAL NAME
Personal name de Ryckel, Pierre Alexandre
Relator term author
700 10 - ADDED ENTRY--PERSONAL NAME
Personal name Delanoë, Daniel
Relator term author
700 10 - ADDED ENTRY--PERSONAL NAME
Personal name Deschamps, Claudine
Relator term author
700 10 - ADDED ENTRY--PERSONAL NAME
Personal name Favro, Patrick
Relator term author
700 10 - ADDED ENTRY--PERSONAL NAME
Personal name Gokalsing, Erick Jean René
Relator term author
700 10 - ADDED ENTRY--PERSONAL NAME
Personal name Grand, Simone
Relator term author
700 10 - ADDED ENTRY--PERSONAL NAME
Personal name Guidère, Mathieu
Relator term author
700 10 - ADDED ENTRY--PERSONAL NAME
Personal name Guillon, Pierre Louis
Relator term author
700 10 - ADDED ENTRY--PERSONAL NAME
Personal name Hemart, Catherine
Relator term author
700 10 - ADDED ENTRY--PERSONAL NAME
Personal name Horri, Sophien
Relator term author
700 10 - ADDED ENTRY--PERSONAL NAME
Personal name Janvier, Caroline
Relator term author
700 10 - ADDED ENTRY--PERSONAL NAME
Personal name Kim, Brigitte
Relator term author
700 10 - ADDED ENTRY--PERSONAL NAME
Personal name Lalanne, Cécile
Relator term author
700 10 - ADDED ENTRY--PERSONAL NAME
Personal name Lebars, Stéphanie
Relator term author
700 10 - ADDED ENTRY--PERSONAL NAME
Personal name Lebleu, Teophile
Relator term author
700 10 - ADDED ENTRY--PERSONAL NAME
Personal name Lislet, Nelly
Relator term author
700 10 - ADDED ENTRY--PERSONAL NAME
Personal name Merle, Sylvie
Relator term author
700 10 - ADDED ENTRY--PERSONAL NAME
Personal name Montreuil, Louise
Relator term author
700 10 - ADDED ENTRY--PERSONAL NAME
Personal name Pradem, Marianne
Relator term author
700 10 - ADDED ENTRY--PERSONAL NAME
Personal name Rotsen, Dryss
Relator term author
700 10 - ADDED ENTRY--PERSONAL NAME
Personal name Sachet, Tevaite
Relator term author
700 10 - ADDED ENTRY--PERSONAL NAME
Personal name Sainte Rose, Fabienne
Relator term author
700 10 - ADDED ENTRY--PERSONAL NAME
Personal name Sebti, Johan
Relator term author
700 10 - ADDED ENTRY--PERSONAL NAME
Personal name Zobda Zebina, Mylenn
Relator term author
700 10 - ADDED ENTRY--PERSONAL NAME
Personal name Zouaghi, Haroun
Relator term author
700 10 - ADDED ENTRY--PERSONAL NAME
Personal name Spodenkiewicz, Michel
Relator term author
700 10 - ADDED ENTRY--PERSONAL NAME
Personal name Séguin, Monique
Relator term author
700 10 - ADDED ENTRY--PERSONAL NAME
Personal name Jehel, Louis
Relator term author
786 0# - DATA SOURCE ENTRY
Note L'information psychiatrique | Volume 98 | 8 | 2022-11-02 | p. 645-650 | 0020-0204
856 41 - ELECTRONIC LOCATION AND ACCESS
Uniform Resource Identifier <a href="https://stm.cairn.info/revue-l-information-psychiatrique-2022-8-page-645?lang=fr&redirect-ssocas=7080">https://stm.cairn.info/revue-l-information-psychiatrique-2022-8-page-645?lang=fr&redirect-ssocas=7080</a>

Pas d'exemplaire disponible.

PLUDOC

PLUDOC est la plateforme unique et centralisée de gestion des bibliothèques physiques et numériques de Guinée administré par le CEDUST. Elle est la plus grande base de données de ressources documentaires pour les Étudiants, Enseignants chercheurs et Chercheurs de Guinée.

Adresse

627 919 101/664 919 101

25 boulevard du commerce
Kaloum, Conakry, Guinée

Réseaux sociaux

Powered by Netsen Group @ 2025